00995nam a2200265 a 4500001000600000003000600006005001700012008004100029035001900070035001900089040002700108041000800135082001900143100005100162245010600213260007500319300004000394500004900434500002000483651003500503651004500538942001200583999001700595952011700612259242599420211209050940.0140319r19621942enkab 000 0 eng d a(BD-RjUL)25994 a(BD-RjUL)25994 aZYUcZYUdBD-RjULbeng aeng a942bTRE 19621 aTrevelyan, George Macaulay,d1876-1962.95518610aEnglish social history :ba survey of six centuries, Chaucer to Queen Victoria /cby G. M. Trevelyan. aLondon ;aNew York :bLongmans, Green, and Co,c1944 [Impression 1962] axii, 628 p. :bill., maps ;c22 cm. aFirst published in U.S.A. and Canada, [1942] aIncludes index. 0aGreat BritainxHistory.979652 0aGreat BritainxSocial conditions.979653 2ddccBK c25924d25924 00102ddc40708NFICaRUCLbRUCLcStackd2014-03-19l0o942 TRE 1962r2014-03-19 00:00:00tC-7w2014-03-19yBK